000 00456nam a22001697a 4500
999 _c171719
_d171719
005 20200117163915.0
010 _aA-412295
020 _c275.00
035 _aA-412295
037 _bBPPD/Pub.
082 _a848
100 _aمغنی تبسم
245 _aشعر و حکمت /
_cمغنی تبسم
260 _aPatna
_bKhuda bakhsh oriental Public Library
_c2005 ء
300 _a867p.
_c21cm(Hb)
942 _2ddc
_cUR
_h848
_mا خ ت